000
00310nam a22001097a 4500
082
_a
332
100
_a
रोशन राकेश कुमार
_9
79915
245
_a
बैंकिंग जागरूकता
260
_a
Meerut
_b
Arihant Pub
_c
2020
650
_a
बैंक
_9
79916
942
_c
BK
999
_c
63457
_d
63457